Online Catalogue and eLibrary

Islamiyarrukku etirana kattuk kataikal (Record no. 953)

MARC details
000 -LEADER
fixed length control field 00419nam a2200157Ia 4500
005 - DATE AND TIME OF LATEST TRANSACTION
control field 20250425081732.0
008 - FIXED-LENGTH DATA ELEMENTS--GENERAL INFORMATION
fixed length control field 240331s9999 xx 000 0 und d
082 ## - DDC Classification
Class No. 297
Item Number - Author Mark MAR
100 ## - MAIN ENTRY--PERSONAL NAME
Personal name Marx, A
245 #0 - TITLE STATEMENT
Title Islamiyarrukku etirana kattuk kataikal
250 ## - EDITION STATEMENT
Edition statement 2nd
260 ## - PUBLICATION, DISTRIBUTION, ETC.
Place of publication, distribution, etc. Puthuvai
Name of publisher, distributor, etc. Makkal Kalvi iyakkam
Date of publication, distribution, etc. 1994
300 ## - PHYSICAL DESCRIPTION
Extent (e.g. Volumes, Pages etc.) 48 p .,
500 ## - GENERAL NOTE
General note Islamiyarkaluku ethirana kattukadhaikal patriyathu
942 ## - Koha item type (Biblio)
Koha item type Books in Stacks (Lending)
Holdings
Lost status Damaged status Collection code Home library Current library Shelving location Date acquired Full call number Accession Number Item type
    Lending WERC Library WERC Library Social Science Cupboard 03/31/2024 297 MAR 5020 Books in Stacks (Lending)

© WERC Library